[Event "Perth Huntingdale Masters"]
[Site "Perth"]
[Date "2006.06.09"]
[Round "8"]
[White "Kurniawan, Stephanus"]
[Black "Dunlop, Gordon"]
[Result "1-0"]
[WhiteElo "1987"]
[BlackElo "1812"]
[PlyCount "75"]
[EventDate "2006.04.21"]
[EventType "tourn"]
[EventRounds "9"]
[EventCountry "AUS"]
[SourceTitle "EXT 2010"]
[Source "ChessBase"]
[SourceDate "2010.11.25"]
[SourceVersion "1"]
[SourceVersionDate "2010.11.25"]
[SourceQuality "1"]

1. g3 g6 2. Bg2 Bg7 3. Nf3 d5 4. c4 dxc4 5. Qa4+ Bd7 6. Qxc4 e6 7. d4 Ne7 8. 0-0 0-0 9. Nc3 Bc6 10. Bf4 Nd7 11. e4 Nb6 12. Qe2 a6 13. Rfd1 Na4 14. Nb1 h6 15. h4 Rc8 16. b3 Nb6 17. a4 Qe8 18. Nbd2 f5 19. Rac1 fxe4 20. Nxe4 Nbd5 21. Be5 Nf6 22. Bxf6 Bxf6 23. Nc5 Nf5 24. Nxe6 Rf7 25. d5 Bxd5 26. Rxd5 Re7 27. Qc4 Rxe6 28. Rxf5 gxf5 29. Re1 Kf7 30. Rxe6 Qxe6 31. Ng5+ hxg5 32. Bd5 Re8 33. Bxe6+ Rxe6 34. hxg5 Bxg5 35. f4 Be7 36. g4 Kf6 37. g5+ Kf7 38. g6+ 1-0

[Event "West Australia-ch"]
[Site "South Perth"]
[Date "2005.08.14"]
[Round "7"]
[White "Garcia, Mat"]
[Black "Kurniawan, Stephanus"]
[Result "0-1"]
[WhiteElo "1454"]
[BlackElo "1800"]
[PlyCount "68"]
[EventDate "2005.07.03"]
[EventType "swiss"]
[EventRounds "9"]
[EventCountry "AUS"]
[SourceTitle "EXT 2009"]
[Source "ChessBase"]
[SourceDate "2008.11.26"]
[SourceVersion "1"]
[SourceVersionDate "2008.11.26"]
[SourceQuality "1"]

1. e4 e6 2. d4 d5 3. Nd2 c5 4. exd5 Qxd5 5. dxc5 Bxc5 6. Qf3 Qe5+ 7. Qe4 Qc7 8. Bb5+ Bd7 9. Bxd7+ Nxd7 10. Nb3 Ngf6 11. Qe2 Bd6 12. Nf3 Rc8 13. c3 h6 14. Nbd4 Be7 15. Nb5 Qb8 16. Be3 a6 17. Nbd4 0-0 18. h3 Nc5 19. Nb3 Nd5 20. 0-0 Na4 21. Rab1 b5 22. Rfc1 Rfd8 23. Rc2 Nab6 24. Bxb6 Qxb6 25. Nfd4 Bf6 26. Qg4 a5 27. Rd2 a4 28. Nc1 a3 29. Nce2 axb2 30. Rdxb2 Nxc3 31. Rxb5 Nxb5 32. Rxb5 Qa6 33. Rh5 Bxd4 34. Nxd4 Rc1+ 0-1

[Event "West Australia-ch"]
[Site "South Perth"]
[Date "2005.07.17"]
[Round "3"]
[White "Whitehead, Paul"]
[Black "Kurniawan, Stephanus"]
[Result "0-1"]
[WhiteElo "1610"]
[BlackElo "1800"]
[PlyCount "60"]
[EventDate "2005.07.03"]
[EventType "swiss"]
[EventRounds "9"]
[EventCountry "AUS"]
[SourceTitle "EXT 2009"]
[Source "ChessBase"]
[SourceDate "2008.11.26"]
[SourceVersion "1"]
[SourceVersionDate "2008.11.26"]
[SourceQuality "1"]

1. d4 Nf6 2. c4 c5 3. d5 b5 4. a4 bxc4 5. Nf3 g6 6. Nc3 Bg7 7. e4 d6 8. Bxc4 0-0 9. 0-0 Na6 10. Qe2 Nb4 11. h3 Nd7 12. Bf4 Nb6 13. Rfc1 Nxc4 14. Qxc4 Ba6 15. Qb3 Nd3 16. Bd2 Nxc1 17. Rxc1 Rb8 18. Qc2 Qb6 19. Rb1 Qb3 20. Qc1 Bd3 21. Ra1 Qxb2 22. Qe1 Bxc3 23. Bxc3 Qxa1 24. Bxa1 Rb1 25. Qxb1 Bxb1 26. Nd2 Bd3 27. f4 Rb8 28. Kf2 Rb4 29. a5 Bxe4 30. Bc3 Ra4 0-1